000 00969cab a22001815a 4500
001 L144962
008 080827e20080820xxkd f s 000 0 eng d
035 _a(Sirsi) u144962
041 0 _aeng
100 1 _aStagg, James
245 0 0 _aCJ50
_bLaing boosted by civils
260 _c2008
490 _aContract Journal
_v444(6689) 20 August 2008, 14-15(2)
520 _aMonthly league table of new work winners, divided geographically and by sector. Reports that new work faltered in July, recording the lowest total since August 2007. Laing O?Rourke moved from the second position to the top place. Shows that this is due to its experience in infrastructure and its securing seven contracts of a total of £234m. Explains that it gained half of the contracts in construction, the remaining half being divided between public projects and commercial ones.
651 4 _aUnited Kingdom
_y
690 _aPROPERTY-COMMERCIAL PROPERTY-COMMERCIAL PROPERTY MARKET
942 _n0
999 _c80669
_d80669